<?xml version="1.0" encoding="UTF-8"?>
<record
    xmlns:xsi="http://www.w3.org/2001/XMLSchema-instance"
    xsi:schemaLocation="http://www.loc.gov/MARC21/slim http://www.loc.gov/standards/marcxml/schema/MARC21slim.xsd"
    xmlns="http://www.loc.gov/MARC21/slim">

  <leader>00980nam a22002057a 4500</leader>
  <datafield tag="999" ind1=" " ind2=" ">
    <subfield code="c">22140</subfield>
    <subfield code="d">22140</subfield>
  </datafield>
  <controlfield tag="003">AR-CdUCM</controlfield>
  <controlfield tag="008">190429b           ||||| |||| 00| 0 spa d</controlfield>
  <datafield tag="040" ind1=" " ind2=" ">
    <subfield code="a">MUNICIPALIDAD PROVINCIAL DEL CUSCO</subfield>
    <subfield code="c">BIBLIOTECA MUNICIPAL DEL CUSCO</subfield>
  </datafield>
  <datafield tag="082" ind1=" " ind2=" ">
    <subfield code="a">Der.i.Socid/N&#xB0;1/1985</subfield>
  </datafield>
  <datafield tag="245" ind1=" " ind2=" ">
    <subfield code="a">Derecho y Sociedad pol&#xED;tica :</subfield>
    <subfield code="b">revista jur&#xED;dica /</subfield>
    <subfield code="c">Fernando Murillo, Director</subfield>
  </datafield>
  <datafield tag="260" ind1=" " ind2=" ">
    <subfield code="a">Cusco.</subfield>
    <subfield code="b">Deiso,</subfield>
    <subfield code="c">1985.</subfield>
  </datafield>
  <datafield tag="300" ind1=" " ind2=" ">
    <subfield code="a">105 p&#xE1;ginas. :</subfield>
    <subfield code="c">16x21 cm.</subfield>
  </datafield>
  <datafield tag="440" ind1=" " ind2=" ">
    <subfield code="a">Derecho y Sociedad pol&#xED;tica.</subfield>
    <subfield code="n">N&#xB0;1, setiembre 1985.</subfield>
    <subfield code="9">47525</subfield>
  </datafield>
  <datafield tag="505" ind1=" " ind2=" ">
    <subfield code="a">Contenido: Los derechos subjetivos. Julio Holgado O. -- La constituci&#xF3;n y el an&#xE1;lisis jur&#xED;dico. M, Rubio. --El Derecho de persona. -- La teor&#xED;a general del acto. -- Derechos reales. El derecho de familia. -- Delito de tr&#xE1;fico il&#xED;cito de drogas. -- La pena de muerte. -- Derecho penal militar. ...</subfield>
  </datafield>
  <datafield tag="650" ind1=" " ind2=" ">
    <subfield code="a">Ciencias jur&#xED;dicas</subfield>
    <subfield code="9">15945</subfield>
  </datafield>
  <datafield tag="650" ind1=" " ind2=" ">
    <subfield code="a">Derecho peruano</subfield>
    <subfield code="9">21203</subfield>
  </datafield>
  <datafield tag="650" ind1=" " ind2=" ">
    <subfield code="a">Siglo XX</subfield>
    <subfield code="9">47526</subfield>
  </datafield>
  <datafield tag="942" ind1=" " ind2=" ">
    <subfield code="2">ddc</subfield>
    <subfield code="c">PP</subfield>
  </datafield>
  <datafield tag="945" ind1=" " ind2=" ">
    <subfield code="a">rac</subfield>
  </datafield>
  <datafield tag="952" ind1=" " ind2=" ">
    <subfield code="0">0</subfield>
    <subfield code="2">ddc</subfield>
    <subfield code="4">0</subfield>
    <subfield code="7">0</subfield>
    <subfield code="a">HEM</subfield>
    <subfield code="b">HEM</subfield>
    <subfield code="c">CART</subfield>
    <subfield code="d">2022-03-14</subfield>
    <subfield code="g">5.00</subfield>
    <subfield code="o">Der.i.Socid/N&#xB0;1/1985</subfield>
    <subfield code="p">REVC000695</subfield>
    <subfield code="r">2022-03-14</subfield>
    <subfield code="y">PP</subfield>
  </datafield>
</record>
